Normal view MARC view

Entry Personal Name

Number of records used in: 1

001 - CONTROL NUMBER

  • control field: 4757

003 - CONTROL NUMBER IDENTIFIER

  • control field: OSt

005 - DATE AND TIME OF LATEST TRANSACTION

  • control field: 20190425105215.0

008 - FIXED-LENGTH DATA ELEMENTS

  • fixed length control field: 190425|| aca||aabn | a|a d

040 ## - CATALOGING SOURCE

  • Original cataloging agency: OSt
  • Transcribing agency: OSt

100 ## - HEADING--PERSONAL NAME

  • Personal name: Arputhanathan, J.I.

670 ## - SOURCE DATA FOUND

  • Source citation: Work cat.: (OSt): Arputhanathan, J.I., Tamil Nadu district census handbook, Salem: village-wise mother tongue data for border Taluks, 1955

Powered by Koha